000
00327nam a2200157Ia 4500
008
230711s9999||||xx |||||||||||||| ||und||
041
_a
ENG
082
_a
720
_b
DA-A
100
_a
Daab
245
0
_a
Airport design
250
_a
1st
260
_c
2005
_a
London
_b
Daab
300
_a
378
650
_a
Architecture
942
_c
BK
999
_c
5354
_d
5354